Contribución al estudio del tratamiento mercurial de la tabes dorsal (Registro nro. 115664)

Detalles MARC
000 -LEADER
campo de control de longitud fija 00614nam a2200145 i 4500
001 - NÚMERO DE CONTROL
campo de control 115664
003 - IDENTIFICADOR DE NÚMERO DE CONTROL
campo de control ES-MaACL
007 - CAMPO FIJO DE DESCRIPCIÓN FÍSICA--INFORMACIÓN GENERAL
campo de control de longitud fija t|
008 - DATOS DE LONGITUD FIJA--INFORMACIÓN GENERAL
campo de control de longitud fija 070424s1908 sp ||||1| spa d
100 1# - ENTRADA PRINCIPAL--NOMBRE DE PERSONA
Nombre de persona López-Ocaña y Bango, José.
9 (RLIN) 73836
245 10 - MENCIÓN DEL TÍTULO
Título Contribución al estudio del tratamiento mercurial de la tabes dorsal
Resto del título : memoria leída ante el claustro de la Facultad de Medicina de la Universidad Central en el solemne acto de graduarse de doctor... /
Mención de responsabilidad, etc. José López-Ocaña y Bango.
260 ## - PUBLICACIÓN, DISTRIBUCIÓN, ETC.
Lugar de publicación, distribución, etc. Avilés :
Nombre del editor, distribuidor, etc. [s.n.],
Fecha de publicación, distribución, etc. 1908 (
Fabricante Est. tip. de El Diario)
300 ## - DESCRIPCIÓN FÍSICA
Extensión 35 p. ;
Dimensiones 26 cm.
852 ## - LOCALIZACIÓN
Ubicación ES-MaACL
Número de control de estantería T-150 bis-F-15
Existencias
Estatus retirado Estado de pérdida Estado de daño No para préstamo Colección Biblioteca de origen Biblioteca actual Ubicación en estantería Fecha de adquisición Fuente de adquisición Total de préstamos Signatura topográfica completa Código de barras Visto por última vez Precio de reemplazo Tipo de ítem Koha
        Colección de folletos Biblioteca del Ateneo de Madrid Biblioteca del Ateneo de Madrid Depósito folletos 17/01/2008     T-150 bis-F-15 1120619 23/02/2023 23/02/2023 Folleto